| 000 | 00542nam a22001937a 4500 | ||
|---|---|---|---|
| 005 | 20251108164709.0 | ||
| 008 | 250721s1972 xx 000 0 ara d | ||
| 082 | 1 | 4 | _a801/مير |
| 100 | 1 | _aميرهوف، هانز | |
| 245 | 1 | 0 | _aالزمن في الأدب / |
| 264 | 1 |
_aالقاهرة : _bمؤسسة سجل العرب، _c1972. |
|
| 300 | _a185ص : مراجع | ||
| 650 | 1 | 7 | _aالأدب |
| 650 | 1 | 7 | _aالفلسفة |
| 650 | 1 | 7 | _aالنظريات |
| 700 | 1 |
_aرزوق، أسعد _eترجمة |
|
| 942 |
_2ddc _cBK |
||
| 999 |
_c12102 _d12102 |
||